000 00306nam a22000977a 4500
008 150723b xxu||||| |||| 00| 0 eng d
010 _8HCCRSARF:035
245 _aHIGH COURT CRIMINAL SESSION NO.50 OF 1976 Uganda Vs Vicent Ntalo
260 _aHigh Court Kampala
500 _3BEFORE: Hon. Mr. Justice F.M. Ssekandi
999 _c8067
_d8067